Pourquoi des philosophes : suivi de La cabale des devots et precede d'une etude inedite sur La philosophie depuis 1960.

Saved in:
Bibliographic Details
Main Author: Revel, Jean-Francois, 1924-
Other Authors: Revel, Jean Francois
Format: Book
Language:French
Published: Paris : Julliard, 1971.
Subjects:
LEADER 01031nam a22002651 4500
001 c000055135
003 CARM
005 00000000000000.0
008 s1971 fr 0 fre d
019 1 |a 4116815  |z 28352423  |5 LACONCORD2021 
035 |a (OCoLC)775455  |5 LACONCORD2021 
100 1 |a Revel, Jean-Francois,  |d 1924- 
245 1 0 |a Pourquoi des philosophes :  |b suivi de La cabale des devots et precede d'une etude inedite sur La philosophie depuis 1960. 
260 |a Paris :  |b Julliard,  |c 1971. 
650 0 |a Methodology. 
650 0 |a Conformity. 
650 0 |a Philosophy. 
700 1 |a Revel, Jean Francois.  |t Cabale desdevots. 
700 1 |a Revel, Jean Francois.  |t Philosophie depuis 1960. 
740 0 0 |a La Cabale des devots. 
740 0 0 |a La Philosophie depuis 1960. 
852 8 |b CARM  |h A2:AE21G0  |i A00105  |p 0019478  |f BK 
082 0 4 |a 100 
999 f f |i 32bb1c69-0448-58b9-a850-6cde69ae650b  |s 1ee3ab9a-2ff0-57db-aebb-06df32d8e4f1 
952 f f |p Can circulate  |a CAVAL  |b CAVAL  |c CAVAL  |d CARM 1 Store  |e A00105  |f A2:AE21G0  |h Other scheme  |i book  |m 0019478